Market Analysis of TATA DOCOMO in Chandigarh (Record no. 14878)
[ view plain ]
| 000 -LEADER | |
|---|---|
| fixed length control field | 00287nam a2200109Ia 4500 |
| 008 - FIXED-LENGTH DATA ELEMENTS--GENERAL INFORMATION | |
| fixed length control field | 221030s9999 xx 000 0 und d |
| 245 #0 - TITLE STATEMENT | |
| Title | Market Analysis of TATA DOCOMO in Chandigarh |
| 260 ## - PUBLICATION, DISTRIBUTION, ETC. (IMPRINT) | |
| Name of publisher | Tata Tele Services |
| Place of publication | Chandigarh |
| Year of publication | 2011 |
| 300 ## - PHYSICAL DESCRIPTION | |
| Number of Pages | 66 |
| 650 ## - SUBJECT ADDED ENTRY--TOPICAL TERM | |
| Topical Term | Management |
| 942 ## - ADDED ENTRY ELEMENTS (KOHA) | |
| Koha item type | Thesis |
| Accession Number | Price effective from | Koha item type | Withdrawn / writtenoff status | Damaged status | Not for loan | Permanent Location | Current Location | Shelving location | Date acquired | Lost/ Missing status | department |
|---|---|---|---|---|---|---|---|---|---|---|---|
| STR/161/11 | 10/30/2022 | Thesis | MIET Library, Jammu | MIET Library, Jammu | BL-Academic Block B, FL-2, CUP-139, SH-5, R-5 | 04/09/2013 | MBA |